|
|
|
|
| LEADER |
01181cam a2200277 7i4500 |
| 001 |
0000062589 |
| 005 |
20211005090000.0 |
| 020 |
|
|
|a 9781137521347 (electronic book)
|
| 090 |
0 |
0 |
|a LC214.23.L56
|b P48 2015
|
| 100 |
1 |
|
|a Perry, Ravi K
|
| 245 |
1 |
4 |
|a The Little Rock crisis :
|b what desegregation politics says about us
|c Ravi K. Perry and D. LaRouth Perry.
|
| 264 |
|
|
|a New York, NY:
|b Palgrave Macmillan,
|c 2015.
|
| 300 |
|
|
|a 1 online resource (255 pages):
|b text file, PDFa.
|
| 336 |
|
|
|a text
|2 rdacontent
|
| 337 |
|
|
|a computer
|2 rdamedia
|
| 338 |
|
|
|a online resource
|2 rdacarrier
|
| 610 |
2 |
|
|a Central High School (Little Rock, Ark.) --
|x History
|
| 650 |
|
0 |
|a African American students --
|x History --
|y 20th century --
|z Arkansas --
|z Little Rock
|
| 650 |
|
0 |
|a School integration --
|x History --
|y 20th century --
|z Arkansas --
|z Little Rock
|
| 650 |
|
0 |
|a Collective memory --
|z Arkansas --
|z Little Rock
|
| 655 |
|
0 |
|a Electronic books
|
| 700 |
1 |
|
|a Perry, D. LaRouth
|
| 856 |
4 |
2 |
|u http://library.unisel.edu.my/web/guest/mylibrary
|
| 997 |
|
|
|a Centre for Graduate Studies
|
| 998 |
|
|
|a Political Science, Master
|
| 999 |
|
|
|a EBO0007452
|b EBOOK
|c EBOOK
|e Electronic resources
|